| Tag |
First Indicator |
Second Indicator |
Subfields |
| LEADER |
00000nam a22000005i 4500 |
| 001 |
in00004429913 |
| 006 |
m o d |
| 007 |
cr nn 008mamaa |
| 008 |
200617s2020 sz | o |||| 0|eng d |
| 005 |
20230330185459.4 |
| 020 |
|
|
|a 9783030507190
|
| 024 |
7 |
|
|a 10.1007/978-3-030-50719-0
|2 doi
|
| 035 |
|
|
|a (DE-He213)978-3-030-50719-0
|
| 035 |
|
|
|a in00004429913
|
| 050 |
|
4 |
|a TK5105.5-5105.9
|
| 072 |
|
7 |
|a UKN
|2 bicssc
|
| 072 |
|
7 |
|a COM075000
|2 bisacsh
|
| 072 |
|
7 |
|a UKN
|2 thema
|
| 082 |
0 |
4 |
|a 004.6
|2 23
|
| 245 |
1 |
0 |
|a Computer Networks :
|b 27th International Conference, CN 2020, Gdańsk, Poland, June 23-24, 2020, Proceedings /
|c edited by Piotr Gaj, Wojciech Gumiński, Andrzej Kwiecień.
|
| 250 |
|
|
|a 1st ed. 2020.
|
| 264 |
|
1 |
|a Cham :
|b Springer International Publishing :
|b Imprint: Springer,
|c 2020.
|
| 300 |
|
|
|a 1 online resource (XX, 199 pages 68 illustrations, 37 illustrations in color.)
|
| 336 |
|
|
|a text
|b txt
|2 rdacontent
|
| 337 |
|
|
|a computer
|b c
|2 rdamedia
|
| 338 |
|
|
|a online resource
|b cr
|2 rdacarrier
|
| 347 |
|
|
|a text file
|b PDF
|2 rda
|
| 490 |
1 |
|
|a Communications in Computer and Information Science,
|x 1865-0937 ;
|v 1231
|
| 505 |
0 |
|
|a Computer Networks -- Cybersecurity and Quality of Service -- Queueing Theory and Queueing Networks. .
|
| 520 |
|
|
|a This book constitutes the thoroughly refereed proceedings of the 27th International Conference on Computer Networks, CN 2020, held in June 2020. Due to the COVID-19 pandemic the conference was held virtually. The 14 full papers presented were carefully reviewed and selected from 34 submissions. They are organized according to the topical sections on computer networks; cybersecurity and quality of service; queueing theory and queueing networks. .
|
| 650 |
|
0 |
|a Computer communication systems.
|
| 650 |
|
0 |
|a Application software.
|
| 650 |
|
0 |
|a Software engineering.
|
| 650 |
|
0 |
|a Mathematical statistics.
|
| 650 |
|
0 |
|a Artificial intelligence.
|
| 650 |
|
0 |
|a Coding theory.
|
| 650 |
|
0 |
|a Information theory.
|
| 650 |
1 |
4 |
|a Computer Communication Networks.
|0 https://scigraph.springernature.com/ontologies/product-market-codes/I13022
|
| 650 |
2 |
4 |
|a Information Systems Applications (incl. Internet).
|0 https://scigraph.springernature.com/ontologies/product-market-codes/I18040
|
| 650 |
2 |
4 |
|a Software Engineering/Programming and Operating Systems.
|0 https://scigraph.springernature.com/ontologies/product-market-codes/I14002
|
| 650 |
2 |
4 |
|a Probability and Statistics in Computer Science.
|0 https://scigraph.springernature.com/ontologies/product-market-codes/I17036
|
| 650 |
2 |
4 |
|a Artificial Intelligence.
|0 https://scigraph.springernature.com/ontologies/product-market-codes/I21000
|
| 650 |
2 |
4 |
|a Coding and Information Theory.
|0 https://scigraph.springernature.com/ontologies/product-market-codes/I15041
|
| 655 |
|
7 |
|a Electronic books.
|2 local
|
| 700 |
1 |
|
|a Gaj, Piotr.
|e editor.
|0 (orcid)0000-0002-2291-7341
|1 https://orcid.org/0000-0002-2291-7341
|4 edt
|4 http://id.loc.gov/vocabulary/relators/edt
|
| 700 |
1 |
|
|a Gumiński, Wojciech.
|e editor.
|0 (orcid)0000-0002-3113-3450
|1 https://orcid.org/0000-0002-3113-3450
|4 edt
|4 http://id.loc.gov/vocabulary/relators/edt
|
| 700 |
1 |
|
|a Kwiecień, Andrzej.
|e editor.
|0 (orcid)0000-0003-1447-3303
|1 https://orcid.org/0000-0003-1447-3303
|4 edt
|4 http://id.loc.gov/vocabulary/relators/edt
|
| 710 |
2 |
|
|a SpringerLink (Online service)
|
| 773 |
0 |
|
|t Springer Nature eBook
|
| 776 |
0 |
8 |
|i Printed edition:
|z 9783030507183
|
| 776 |
0 |
8 |
|i Printed edition:
|z 9783030507206
|
| 830 |
|
0 |
|a Communications in Computer and Information Science,
|x 1865-0937 ;
|v 1231
|
| 856 |
4 |
0 |
|u http://proxy.library.tamu.edu/login?url=https://doi.org/10.1007/978-3-030-50719-0
|z Connect to the full text of this electronic book
|t 0
|
| 950 |
|
|
|a Computer Science (SpringerNature-11645)
|
| 950 |
|
|
|a Computer Science (R0) (SpringerNature-43710)
|
| 955 |
|
|
|a Springer EBA Purchase
|
| 999 |
f |
f |
|s 3b7f4f26-8f5d-4119-a788-5dc870796b8d
|i ac83affd-d683-309e-abde-2951ab590781
|t 0
|
| 952 |
f |
f |
|a Texas A&M University
|b College Station
|c Electronic Resources
|d Available Online
|t 0
|e TK5105.5-5105.9
|h Library of Congress classification
|
| 998 |
f |
f |
|a TK5105.5-5105.9
|t 0
|l Available Online
|